| 000 | 00322nam a2200121Ia 4500 | ||
|---|---|---|---|
| 008 | 230907s9999||||xx |||||||||||||| ||und|| | ||
| 082 | _a333.7,DAY | ||
| 100 |
_aDayal, Vikram. _9115184 |
||
| 245 | 4 | _aThe environment in economics and development: | |
| 260 |
_aSpringer _bNew York _c2014 |
||
| 300 | _axi,84p.: | ||
| 942 | _cBK | ||
| 999 |
_c597786 _d597786 |
||